000 00543nam a22001937a 4500
003 OSt
005 20260424010441.0
008 260424b |||||||| |||| 00| 0 eng d
020 _a9789714210240
040 _aDWCL Main Lib.
_cOC
082 _aFil. 510 Es759s 2013
100 _aTan, Aurora E.
_eAuthor
245 _aSpiral math 7 /
_cAurora E. Tan
260 _aManila :
_bTrinitas,
_cc2013.
300 _aviii , 294 pages :
_billustrations ;
_c26cm.
504 _aIncludes index.
650 _a1. Mathematics.
942 _2ddc
_cBK - FIL
_n0
999 _c9819
_d9819